| 000 | 00660nam a22002177a 4500 | ||
|---|---|---|---|
| 005 | 20170124110152.0 | ||
| 010 | _aA-822399 | ||
| 020 |
_c00.00 _a8170365589 |
||
| 035 | _aA-822399 | ||
| 037 | _bCen Lib/Ret | ||
| 040 |
_aDPL _bEN |
||
| 082 |
_a658.022 _bPHA |
||
| 100 |
_aPhansalkar, S.J. _934177 |
||
| 245 |
_aHow not to ruin your small industry / _cby S. J. Phansalkar |
||
| 260 |
_aNew Delhi _bResponse Books _c1996 |
||
| 270 |
_a32,M-Block Market Greater Kailash _bNew Delhi _e110048 |
||
| 300 |
_a193p. _c20cm(Hb) |
||
| 650 |
_aSmall business--Management _914011 |
||
| 650 |
_aManagement _93072 |
||
| 942 |
_2ddc _cEN _h658.022 _mPHA |
||
| 999 |
_c132269 _d132269 |
||